000 00574nam a2200217 a 4500
999 _c5483
_d5483
001 5483
003 BD-JhCC
005 20171217112134.0
008 171217s19601962j a|||| || | 000 0 eng d
035 _a(BD-JhCC)5483
040 _aBD-JhCC
_dBD-JhCC
041 _aeng
082 _a507.8
_bsci 1962
245 _aScince Experiments with Simple Equipment /
_cModern Asia,
260 _aTokyo :
_bCharles E. Tuttle Company,
_c1962.
300 _a221 p .:
_bill. ;
_c23 cm.
650 _aScience
_xExperiments
700 _aAsia, Modern
942 _2ddc
_cBK